Normal view
MARC view
- Education
Entry Topical Term
001 - CONTROL NUMBER
- control field: 35240
003 - CONTROL NUMBER IDENTIFIER
- control field: OSt
005 - DATE AND TIME OF LATEST TRANSACTION
- control field: 20190129103053.0
008 - FIXED-LENGTH DATA ELEMENTS
- fixed length control field: 190129|| aca||aabn | a|a d
040 ## - CATALOGING SOURCE
- Original cataloging agency: OSt
- Transcribing agency: OSt
150 ## - HEADING--TOPICAL TERM
- Topical term or geographic name entry element: Education
- Form subdivision: Phyical Education
- General subdivision: Undergraduate thesis.
670 ## - SOURCE DATA FOUND
- Source citation: Work cat.: (OSt): Mahinay, Mary Flora Bill P. 35239, Personality traits of P.E students and academic performance of their major subjects /, November 2018.
